Narrative related by Dr. C. P. Bunsen to R. C. Ten Broeck, (Record no. 41016)

MARC details
000 -LEADER
fixed length control field 01164cpcaa2200277 a 4500
001 - CONTROL NUMBER
control field mm 79001908
003 - CONTROL NUMBER IDENTIFIER
control field DLC
005 - DATE AND TIME OF LATEST TRANSACTION
control field 20260227111639.0
008 - FIXED-LENGTH DATA ELEMENTS--GENERAL INFORMATION
fixed length control field 800102|||||||||||| eng
010 ## - LIBRARY OF CONGRESS CONTROL NUMBER
LC control number mm 79001908
040 ## - CATALOGING SOURCE
Original cataloging agency DLC
Transcribing agency DLC
Description conventions dacs
Modifying agency DLC
072 #7 - SUBJECT CATEGORY CODE
Subject category code S
Source lcmd
100 1# - MAIN ENTRY--PERSONAL NAME
Personal name Ten Broeck, R. C.
245 00 - TITLE STATEMENT
Title Narrative related by Dr. C. P. Bunsen to R. C. Ten Broeck,
Inclusive dates undated.
300 ## - PHYSICAL DESCRIPTION
Extent 1
Type of unit item.
506 0# - RESTRICTIONS ON ACCESS NOTE
Terms governing access Open to research.
520 8# - SUMMARY, ETC.
Summary, etc. Narrative, related by Dr. C. P. Bunsen to Ten Broeck, regarding the refusal of German bankers to lend financial support to the Confederate States of America.
533 ## - REPRODUCTION NOTE
Type of reproduction Typewritten transcript.
Place of reproduction [S.l.].
546 ## - LANGUAGE NOTE
Language note Collection material in English.
580 ## - LINKING ENTRY COMPLEXITY NOTE
Linking entry complexity note Forms part of: Miscellaneous Manuscripts collection.
600 10 - SUBJECT ADDED ENTRY--PERSONAL NAME
Personal name Bunsen, C. P.
651 #0 - SUBJECT ADDED ENTRY--GEOGRAPHIC NAME
Geographic name Confederate States of America
General subdivision Foreign relations
Geographic subdivision Germany.
651 #0 - SUBJECT ADDED ENTRY--GEOGRAPHIC NAME
Geographic name Germany
General subdivision Foreign relations
Geographic subdivision Confederate States of America.
651 #0 - SUBJECT ADDED ENTRY--GEOGRAPHIC NAME
Geographic name United States
General subdivision History
Chronological subdivision Civil War, 1861-1865
General subdivision Finance.

No items available.

Powered by Koha